00699nam a2200181Ia 4500008004100000100001900041245012300060245010700183260003900290260000900329300002900338440004300367650001600410650001800426650001800444650002100462856003400483190511s9999 xx 000 0 und d aBuck, Benjamin 4aThe bias toward intentionality in schizophrenia: Automaticity, context, and relationship to symptoms and functioning / cBenjamin Buck, Neil R. Hester, Amy Pinkham, Philip D. Harvey, L. Fredrik Jarskog, and David L. Penn.-- bAmerican Psychological Association c2018 aPages 503-512, July 2018 aJournal of Abnormal Psychologyv127(5) aFunctioning aPsychometrics aSchizophrenia aSocial cognition uwww.apa.org/pubs/journals/abn